header

An introduction to string theory and D-brane dynamics (Record no. 118140)

MARC details
000 -LEADER
fixed length control field 01313nam a2200325 a 4500
100 1# - MAIN ENTRY--AUTHOR NAME
Personal name Szabo, Richard J.,
245 13 - TITLE STATEMENT
Title An introduction to string theory and D-brane dynamics
250 ## - EDITION STATEMENT
Edition statement 2nd ed.
260 ## - PUBLICATION, DISTRIBUTION, ETC. (IMPRINT)
Place of publication London :
Name of publisher Imperial College Press ;
Place of publication Hackensack, N.J. :
Name of publisher Distributed by World Scientific Pub. Co. Pte. Ltd.,
Year of publication c2011.
300 ## - PHYSICAL DESCRIPTION
Number of Pages xv, 148 p. :
Other physical details ill.
650 #0 - SUBJECT ADDED ENTRY--TOPICAL TERM
Topical Term String models.
Topical Term Dynamics.
856 40 - ELECTRONIC LOCATION AND ACCESS
Uniform Resource Identifier http://site.ebrary.com/lib/rucke/Doc?id=10480066

No items available.

© 2026 Rongo University
Contact us: librarian | system librarian | Rongo university